| 000 | 00537nam a2200205Ia 4500 | ||
|---|---|---|---|
| 001 | 58553 | ||
| 008 | 190903n ii |||gr||||Z||||||asm | ||
| 020 | _a9788186384480 | ||
| 082 | _a891.4109 | ||
| 245 | 0 |
_aSahitya Samalochana _cAnanda Barmudai _hTextual Documents |
|
| 250 | _aIst. | ||
| 260 |
_aGauhati _bAssam Publishing Company _c2013. |
||
| 300 |
_a138pg: _c23cm. |
||
| 653 | _aAssamese | ||
| 653 | _aAssamese Literature | ||
| 653 | _aDeptt-Assamese | ||
| 653 | _aG- Assamese | ||
| 700 | _aBarmudai,Ananda . | ||
| 942 |
_2ddc _cBK |
||
| 999 |
_c58446 _d58446 |
||